000 00329nam a2200133Ia 4500
008 191201s2007 xx 000 0 und d
082 _a658.18
_bDAC
100 _aDAMODARAN,Aswath
245 0 _aCorporate Finance Theory and Practice
260 _aN.Delhi
_bWilley India
_c2007
300 _a982
650 _aMBA
942 _2ddc
_cBK
999 _c3104
_d3104